[Event "Florianopolis op 10th"]
[Site "Florianopolis"]
[Date "2024.01.23"]
[Round "5"]
[White "Silva, Kaua Marques"]
[Black "Marcolino, Antonio Claudio H"]
[Result "1-0"]
[WhiteElo "2142"]
[BlackElo "1925"]
[PlyCount "49"]
[EventDate "2024.01.20"]
[EventType "swiss"]
[EventRounds "10"]
[EventCountry "BRA"]
[SourceTitle "CB05_2024"]
[SourceDate "2024.01.31"]
[SourceVersion "1"]
[SourceVersionDate "2024.01.31"]
[SourceQuality "1"]

1. e4 c5 2. Nf3 d6 3. d4 cxd4 4. Nxd4 Nf6 5. Nc3 a6 6. h3 e5 7. Nf3 Qc7 8. Bg5 Be7 9. Bxf6 Bxf6 10. Nd5 Qd8 11. Nd2 0-0 12. Nc4 b5 13. Ncb6 Ra7 14. a4 bxa4 15. Nxc8 Qxc8 16. Rxa4 Bd8 17. Be2 Nd7 18. Bg4 Qc6 19. Bxd7 Qxd7 20. b3 f5 21. 0-0 fxe4 22. Qe2 a5 23. Qxe4 Qb5 24. Qc4 Qb8 25. Ne7+ 1-0

[Event "Niteroi op 3rd"]
[Site "Niteroi"]
[Date "2023.09.05"]
[Round "2"]
[White "Filgueiras, Nathan Felipe"]
[Black "Marcolino, Antonio Claudio H"]
[Result "1-0"]
[WhiteElo "2328"]
[BlackElo "1953"]
[PlyCount "49"]
[EventDate "2023.09.04"]
[EventType "swiss"]
[EventRounds "9"]
[EventCountry "BRA"]
[SourceTitle "EXT 2024"]
[Source "ChessBase"]
[SourceDate "2023.10.10"]
[SourceVersion "1"]
[SourceVersionDate "2023.10.10"]
[SourceQuality "1"]

1. e4 e6 2. d4 d5 3. Nd2 Nf6 4. e5 Nfd7 5. c3 c5 6. Bd3 Nc6 7. Ne2 cxd4 8. cxd4 f6 9. exf6 Nxf6 10. 0-0 Bd6 11. Nf3 0-0 12. Bf4 Bxf4 13. Nxf4 Ne4 14. Ne2 Rxf3 15. gxf3 Ng5 16. Kh1 Nxf3 17. Bxh7+ Kh8 18. Qd3 Qf6 19. Qg6 Qh4 20. Qg3 e5 21. Qxf3 Kxh7 22. Rg1 Nxd4 23. Rxg7+ Kh6 24. Nxd4 exd4 25. Rag1 1-0

[Event "Niteroi op 2nd"]
[Site "Niteroi"]
[Date "2022.09.02"]
[Round "2"]
[White "Di Berardino, Diego Rafael"]
[Black "Marcolino, Antonio Claudio H"]
[Result "1-0"]
[WhiteElo "2464"]
[BlackElo "1996"]
[PlyCount "41"]
[EventDate "2022.09.01"]
[EventType "swiss"]
[EventRounds "9"]
[EventCountry "BRA"]
[SourceTitle "CBM 210 Extra"]
[Source "ChessBase"]
[SourceDate "2022.11.30"]
[SourceVersion "1"]
[SourceVersionDate "2022.11.30"]
[SourceQuality "1"]

1. d4 d5 2. c4 e6 3. Nc3 a6 4. cxd5 exd5 5. Bf4 Nf6 6. e3 Bd6 7. Bg5 c6 8. f4 Nbd7 9. Nf3 0-0 10. Bd3 Re8 11. Ne5 Nf8 12. 0-0 Be7 13. Qf3 Qd6 14. a3 N6d7 15. Bxe7 Qxe7 16. Qg3 Nf6 17. Rae1 Ne4 18. Nxe4 dxe4 19. Bc4 Be6 20. f5 Bxc4 21. f6 1-0

[Event "Rio de Janeiro op"]
[Site "Rio de Janeiro"]
[Date "2022.04.24"]
[Round "6"]
[White "Jiang, Lucas Zirui"]
[Black "Marcolino, Antonio Claudio H"]
[Result "1/2-1/2"]
[WhiteElo "1405"]
[BlackElo "2002"]
[PlyCount "139"]
[EventDate "2022.04.21"]
[EventType "swiss"]
[EventRounds "6"]
[EventCountry "BRA"]
[SourceTitle "EXT 2023"]
[Source "ChessBase"]
[SourceDate "2022.10.05"]
[SourceVersion "1"]
[SourceVersionDate "2022.10.05"]
[SourceQuality "1"]

1. d4 d5 2. c4 e6 3. cxd5 exd5 4. Nf3 Nf6 5. Bg5 Be7 6. Bxf6 Bxf6 7. Nc3 0-0 8. e3 Re8 9. Be2 c6 10. b4 Bg4 11. 0-0 Nd7 12. b5 Qa5 13. Qb3 Be6 14. Rac1 Rac8 15. bxc6 Rxc6 16. Bb5 Rb6 17. Qa4 Qxa4 18. Bxa4 Rd8 19. Bb3 Nb8 20. Na4 Rb4 21. Nc5 Be7 22. h3 Bxc5 23. Rxc5 Nc6 24. Rfc1 a5 25. Ne5 Nxe5 26. dxe5 g6 27. Rxa5 Re4 28. Rc7 Rxe5 29. Rxb7 Rg5 30. Kh2 Re5 31. Rab5 Re4 32. Rb8 Rxb8 33. Rxb8+ Kg7 34. Rd8 Rb4 35. Kg3 Rb5 36. Rd6 Kf6 37. f4 h6 38. Rc6 Ke7 39. Rc1 Kf6 40. Rd1 Ke7 41. Kf3 Kf6 42. g4 Ke7 43. Rd4 Kf6 44. Bd1 Ke7 45. a4 Rb1 46. a5 Ra1 47. Ba4 Bc8 48. Rb4 Ba6 49. Rb6 Bc4 50. Rb7+ Kf6 51. Be8 d4 52. Rb6+ Ke7 53. Bb5 Bxb5 54. Rxb5 dxe3 55. Kxe3 Ra4 56. f5 gxf5 57. Rxf5 Kf8 58. Kf2 Ra3 59. Rh5 Kg7 60. Kg2 Kg6 61. Rf5 f6 62. h4 Kg7 63. Rb5 Rc3 64. a6 Ra3 65. Rb7+ Kg6 66. Ra7 h5 67. gxh5+ Kxh5 68. Rh7+ Kg6 69. Rb7 Kh5 70. Rh7+ 1/2-1/2

[Event "Florianopolis op 8th"]
[Site "Florianopolis"]
[Date "2022.01.27"]
[Round "5"]
[White "Marcolino, Antonio Claudio H"]
[Black "Menezes, Jose Eduardo C"]
[Result "1-0"]
[WhiteElo "2077"]
[BlackElo "1818"]
[PlyCount "145"]
[EventDate "2022.01.24"]
[EventType "swiss"]
[EventRounds "10"]
[EventCountry "BRA"]
[SourceTitle "EXT 2023"]
[Source "ChessBase"]
[SourceDate "2022.10.05"]
[SourceVersion "1"]
[SourceVersionDate "2022.10.05"]
[SourceQuality "1"]

1. d4 Nf6 2. Bg5 d5 3. Bxf6 exf6 4. e3 Bf5 5. Bd3 Bg6 6. Ne2 Bd6 7. c4 dxc4 8. Bxc4 c6 9. Nbc3 Nd7 10. Bd3 0-0 11. Ng3 Re8 12. 0-0 Qb6 13. a3 Bxg3 14. hxg3 Rad8 15. Na4 Qa5 16. b4 Qg5 17. Bxg6 Qxg6 18. Rc1 Qg5 19. Qf3 a6 20. Nc5 Nxc5 21. Rxc5 Qg6 22. Rfc1 Qd3 23. R5c3 Qb5 24. Qd1 Qd5 25. Qc2 g6 26. Rc5 Qd6 27. a4 Qd7 28. b5 axb5 29. axb5 cxb5 30. Rc7 Qd5 31. Qc5 Qxc5 32. R1xc5 b4 33. Rb5 Rc8 34. Rbxb7 Rxc7 35. Rxc7 Rb8 36. Rc2 Kf8 37. Kf1 Ke7 38. Ke2 f5 39. Kd3 Kd6 40. f3 f6 41. Kc4 h5 42. Rb2 Rc8+ 43. Kxb4 Rc1 44. Kb3 Re1 45. Kc4 Rxe3 46. Rf2 Re8 47. g4 Rf8 48. Kd3 Kd5 49. gxf5 gxf5 50. Ra2 Rg8 51. Ke3 f4+ 52. Kxf4 Kxd4 53. Kf5 Ke3 54. Kxf6 Kf4 55. Ke6 h4 56. Kf7 Rg5 57. Ra4+ Kg3 58. Kf6 Rg8 59. Ra2 h3 60. gxh3 Kxf3 61. h4 Rh8 62. Kg5 Rg8+ 63. Kf5 Rf8+ 64. Kg6 Kg4 65. Ra4+ Kg3 66. h5 Rb8 67. Ra6 Kh4 68. h6 Rb2 69. Ra4+ Kh3 70. Rf4 Rg2+ 71. Kf7 Kg3 72. Rf6 Rh2 73. Kg6 1-0

[Event "Florianopolis op 8th"]
[Site "Florianopolis"]
[Date "2022.01.25"]
[Round "3"]
[White "Marcolino, Antonio Claudio H"]
[Black "Dos Santos Junior, Joao Batista"]
[Result "1/2-1/2"]
[WhiteElo "2077"]
[BlackElo "1724"]
[PlyCount "83"]
[EventDate "2022.01.24"]
[EventType "swiss"]
[EventRounds "10"]
[EventCountry "BRA"]
[SourceTitle "CBM 206 Extra"]
[Source "ChessBase"]
[SourceDate "2022.03.31"]
[SourceVersion "1"]
[SourceVersionDate "2022.03.31"]
[SourceQuality "1"]

1. d4 d5 2. c4 c6 3. Nc3 Nf6 4. cxd5 cxd5 5. Bf4 a6 6. e3 Bg4 7. f3 Bc8 8. Bd3 Nc6 9. Nge2 e6 10. Rc1 Nh5 11. Bg3 Nxg3 12. hxg3 h6 13. Kf2 Bd7 14. f4 Bd6 15. g4 Qf6 16. g5 Qe7 17. Qb3 b5 18. Ng3 Na5 19. Qd1 Nc4 20. Qe2 Rc8 21. Rh5 f5 22. Rch1 Qf8 23. R5h4 Kd8 24. Nf1 Be7 25. g4 fxg4 26. Kg3 Nd6 27. Qxg4 e5 28. Qe2 e4 29. Bb1 Nf5+ 30. Kg2 Nxh4+ 31. Rxh4 Rxc3 32. bxc3 hxg5 33. Rxh8 Qxh8 34. Qf2 Qh3+ 35. Kg1 g4 36. Qg3 Qh6 37. Bc2 Bh4 38. Qg2 g5 39. fxg5 Bxg5 40. Qg3 Kc8 41. Bb3 Be6 42. Qd6 1/2-1/2

[Event "BRA-ch Amateur U2200"]
[Site "Sao Paulo"]
[Date "2019.06.22"]
[Round "6"]
[White "Marcolino, Antonio Claudio H"]
[Black "Bortoloso, Moacir Canella"]
[Result "0-1"]
[WhiteElo "2103"]
[BlackElo "2143"]
[PlyCount "82"]
[EventDate "2019.06.20"]
[EventType "swiss"]
[EventRounds "7"]
[EventCountry "BRA"]
[SourceTitle "EXT 2020"]
[Source "ChessBase"]
[SourceDate "2019.10.17"]
[SourceVersion "1"]
[SourceVersionDate "2019.10.17"]
[SourceQuality "1"]

1. d4 Nf6 2. Nf3 e6 3. e3 b6 4. Bd3 Bb7 5. Nbd2 d5 6. 0-0 Be7 7. Qe2 Nbd7 8. e4 dxe4 9. Nxe4 h6 10. Rd1 0-0 11. c3 Nxe4 12. Bxe4 Bxe4 13. Qxe4 Nf6 14. Qe2 Qc8 15. Ne5 c5 16. Bf4 cxd4 17. cxd4 Nd5 18. Bd2 Bf6 19. Ng4 Qc2 20. Qf3 Qg6 21. Rac1 Rac8 22. Ne3 Bxd4 23. Nxd5 exd5 24. Qxd5 Bxb2 25. Rxc8 Rxc8 26. Qd7 Qc2 27. Be3 Bf6 28. h3 Rd8 29. Qxd8+ Bxd8 30. Rxd8+ Kh7 31. Rd7 Qb1+ 32. Kh2 Qxa2 33. Rb7 Kg6 34. Rb8 Qd5 35. g3 Qc6 36. h4 Qc7 37. Bf4 Qd7 38. Be3 f6 39. Kg2 Kf5 40. Kh2 Kg4 41. Rg8 Kf3 0-1

[Event "BRA-ch Amateur U2200"]
[Site "Sao Paulo"]
[Date "2019.06.20"]
[Round "2"]
[White "Marcolino, Antonio Claudio H"]
[Black "Baldussi Fernandes, Bruno Mendonca"]
[Result "1-0"]
[WhiteElo "2103"]
[BlackElo "1740"]
[PlyCount "89"]
[EventDate "2019.06.20"]
[EventType "swiss"]
[EventRounds "7"]
[EventCountry "BRA"]
[SourceTitle "EXT 2020"]
[Source "ChessBase"]
[SourceDate "2019.10.17"]
[SourceVersion "1"]
[SourceVersionDate "2019.10.17"]
[SourceQuality "1"]

1. d4 Nf6 2. c4 g6 3. Nc3 d5 4. cxd5 Nxd5 5. e4 Nf6 6. Bc4 c6 7. Nf3 Bg7 8. 0-0 0-0 9. h3 b5 10. Bd3 Bb7 11. Qe2 Nbd7 12. e5 Ne8 13. e6 Ndf6 14. exf7+ Rxf7 15. Ng5 Qxd4 16. Nxf7 Kxf7 17. Re1 Qd7 18. Bg5 Nc7 19. Rad1 Ncd5 20. Bc2 e6 21. Qf3 Rf8 22. Ne4 Qe7 23. Bxf6 Bxf6 24. Ng5+ Kg8 25. Nxe6 Re8 26. Re4 Qf7 27. Rde1 Bc8 28. Nf4 Rxe4 29. Bxe4 Nxf4 30. Qxf4 Bxb2 31. Qxf7+ Kxf7 32. Bxc6 Ba3 33. Re3 b4 34. Bd5+ Kf6 35. Re8 Bf5 36. g4 Bd3 37. Re6+ Kg5 38. Re7 a5 39. Rxh7 a4 40. Ra7 Bc2 41. Bc6 b3 42. axb3 axb3 43. Ba4 Kh4 44. Bxb3 Bxb3 45. Rxa3 1-0

[Event "American Continental 02nd"]
[Site "Buenos Aires"]
[Date "2003.08.19"]
[Round "3"]
[White "Marcolino, Antonio Claudio H"]
[Black "Orsini, Antonio"]
[Result "0-1"]
[WhiteElo "2122"]
[BlackElo "2181"]
[PlyCount "60"]
[EventDate "2003.08.17"]
[EventType "swiss"]
[EventRounds "11"]
[EventCountry "ARG"]
[SourceTitle "CBM 097"]
[Source "ChessBase"]
[SourceDate "2003.11.11"]
[SourceVersion "1"]
[SourceVersionDate "2003.11.11"]
[SourceQuality "1"]

1. d4 Nf6 2. c4 g6 3. Nc3 Bg7 4. e4 d6 5. f4 c5 6. dxc5 Qa5 7. Bd3 Nfd7 8. Bd2 Nxc5 9. Bc2 Nc6 10. Nf3 Bg4 11. Rb1 0-0 12. 0-0 Qa6 13. b4 Qxc4 14. bxc5 Qxc5+ 15. Kh1 Bxc3 16. Bxc3 Qxc3 17. Rxb7 Rab8 18. Rxb8 Rxb8 19. Bb3 Bxf3 20. Rxf3 Qd4 21. Qe1 a5 22. h4 a4 23. Bd5 Nb4 24. f5 Nxd5 25. exd5 Qe5 26. Rf1 Rb2 27. fxg6 hxg6 28. Qc1 Rxa2 29. Qc6 Kg7 30. Qc4 Ra1 0-1

[Event "Rio de Janeiro tt"]
[Site "Rio de Janeiro"]
[Date "2001.08.25"]
[Round "3"]
[White "Cardoso, Carlos Alberto"]
[Black "Marcolino, Antonio Claudio H"]
[Result "1-0"]
[WhiteElo "2210"]
[BlackElo "2108"]
[PlyCount "95"]
[EventDate "2001.08.18"]
[EventType "team"]
[EventRounds "5"]
[EventCountry "BRA"]
[SourceTitle "EXT 2005"]
[Source "ChessBase"]
[SourceDate "2004.11.15"]
[SourceVersion "1"]
[SourceVersionDate "2004.11.15"]
[SourceQuality "1"]

1. e4 d5 2. exd5 Qxd5 3. Nc3 Qa5 4. d4 Nf6 5. Nf3 Bf5 6. Bc4 e6 7. Bb3 Nbd7 8. Bd2 c6 9. Qe2 Bb4 10. 0-0-0 0-0-0 11. a3 Bxc3 12. Bxc3 Qb6 13. Bd2 Nd5 14. Nh4 Bg6 15. Nxg6 hxg6 16. Qd3 N7f6 17. h3 Rh4 18. Bg5 Rh5 19. h4 Rd7 20. f3 Rh8 21. c4 Ne7 22. Qc3 Kb8 23. Rd2 Rc8 24. Kb1 Ka8 25. Rhd1 Nf5 26. g4 Ne7 27. Rd3 Qc7 28. Qd2 Qg3 29. Qc1 Qc7 30. Bf4 Qd8 31. Qd2 Qh8 32. Bg3 Qd8 33. g5 Ne8 34. d5 cxd5 35. cxd5 exd5 36. Bxd5 Nxd5 37. Rxd5 Rxd5 38. Qxd5 Qb6 39. Qxf7 Qc6 40. Qd7 Qc2+ 41. Ka1 a6 42. Bf4 Qc6 43. Qxc6 bxc6 44. Rd7 c5 45. Be5 c4 46. Kb1 a5 47. Kc2 a4 48. Kc3 1-0

[Event "Vila Velha Cup"]
[Site "Vila Velha"]
[Date "2000.09.16"]
[Round "4"]
[White "Bortoloso, Moacir Canella"]
[Black "Marcolino, Antonio Claudio H"]
[Result "1/2-1/2"]
[WhiteElo "2250"]
[BlackElo "2141"]
[PlyCount "29"]
[EventDate "2000.09.14"]
[EventType "swiss"]
[EventRounds "7"]
[EventCountry "BRA"]
[SourceTitle "EXT 2001"]
[Source "ChessBase"]
[SourceDate "2000.11.22"]
[SourceVersion "1"]
[SourceVersionDate "2000.11.22"]
[SourceQuality "1"]

1. d4 d5 2. c4 e6 3. Nc3 c5 4. cxd5 exd5 5. Nf3 Nc6 6. g3 Nf6 7. Bg2 Be7 8. 0-0 0-0 9. dxc5 Bxc5 10. Bg5 d4 11. Bxf6 Qxf6 12. Nd5 Qd8 13. Nd2 Re8 14. Rc1 Bb6 15. Nxb6 1/2-1/2

[Event "Vila Velha Cup"]
[Site "Vila Velha"]
[Date "2000.09.15"]
[Round "2"]
[White "Dumont, Sadi Glasser"]
[Black "Marcolino, Antonio Claudio H"]
[Result "1-0"]
[WhiteElo "2324"]
[BlackElo "2141"]
[PlyCount "117"]
[EventDate "2000.09.14"]
[EventType "swiss"]
[EventRounds "7"]
[EventCountry "BRA"]
[SourceTitle "EXT 2001"]
[Source "ChessBase"]
[SourceDate "2000.11.22"]
[SourceVersion "1"]
[SourceVersionDate "2000.11.22"]
[SourceQuality "1"]

1. g3 d5 2. Bg2 c5 3. c4 Nf6 4. cxd5 Nxd5 5. Nc3 Nb6 6. Nf3 Nc6 7. 0-0 Bg4 8. d3 e6 9. Be3 Nd5 10. Qa4 Nxe3 11. fxe3 Bxf3 12. Bxf3 Qd7 13. Rac1 Rc8 14. Bxc6 Qxc6 15. Qxa7 h5 16. Qa4 Be7 17. Qxc6+ Rxc6 18. Rf3 0-0 19. b3 f5 20. e4 Ra6 21. exf5 exf5 22. a4 Re6 23. e4 fxe4 24. Rxf8+ Kxf8 25. Nxe4 Re5 26. Kf2 Kf7 27. Ke2 Ke6 28. a5 Kd7 29. Ra1 Re6 30. Ra4 Kc7 31. Rc4 Kb8 32. Kf3 Re5 33. Ra4 Ka7 34. Nd2 Bg5 35. Ne4 Be7 36. h4 Rf5+ 37. Ke3 Re5 38. d4 cxd4+ 39. Kxd4 Rb5 40. Kc4 Re5 41. Nc3 Re3 42. Nd5 Re4+ 43. Kb5 Re5 44. Rd4 Bd6 45. Kc4 Bb8 46. b4 Re1 47. Nf4 Bxf4 48. Rxf4 Rg1 49. Rf3 Ka6 50. Rc3 Rb1 51. Kc5 Rb2 52. Kc4 Rb1 53. Re3 Rc1+ 54. Kb3 Rb1+ 55. Kc3 Rc1+ 56. Kb2 Rc6 57. Re5 Rg6 58. Rg5 Re6 59. Rxg7 1-0

[Event "Paulisto-ch3"]
[Site "Americana"]
[Date "2000.??.??"]
[Round "2"]
[White "Braga, Cicero Nogueira"]
[Black "Marcolino, Antonio Claudio H"]
[Result "1-0"]
[WhiteElo "2412"]
[BlackElo "2145"]
[PlyCount "111"]
[EventDate "2000.??.??"]
[EventType "swiss"]
[EventRounds "6"]
[EventCountry "BRA"]
[SourceTitle "EXT 2001"]
[Source "ChessBase"]
[SourceDate "2000.11.22"]
[SourceVersion "1"]
[SourceVersionDate "2000.11.22"]
[SourceQuality "1"]

1. g3 d5 2. Nf3 c5 3. Bg2 g6 4. 0-0 Bg7 5. d3 e6 6. Nbd2 Nc6 7. e4 Nge7 8. Re1 b6 9. c3 a5 10. a4 Ra7 11. e5 Ba6 12. Nf1 h6 13. h4 Rd7 14. Bf4 Nf5 15. N1h2 Bb7 16. Ng4 Qa8 17. Qe2 d4 18. c4 Nb4 19. Rad1 Bc6 20. b3 Na2 21. Qxa2 Bxf3 22. Bxf3 Qxf3 23. Nh2 Qc6 24. Qe2 h5 25. Bg5 Ra7 26. Nf3 Ra8 27. Nd2 Kd7 28. Qf1 Raf8 29. Re4 Rhg8 30. Rde1 Rh8 31. Qg2 Rh7 32. Qf3 Rhh8 33. Qf4 Rh7 34. R4e2 Rhh8 35. Ne4 Kc7 36. Nf6 Kc8 37. Re4 Kc7 38. Kf1 Kc8 39. Ke2 Kc7 40. Kd2 Nh6 41. Kc2 Nf5 42. R4e2 Kc8 43. Ne4 Kc7 44. Bf6 Kd7 45. Bxg7 Nxg7 46. Qf6 Nf5 47. Ng5 Qc8 48. Nxf7 Qe8 49. Nxh8 Rxf6 50. exf6 Qxh8 51. Rxe6 Nd6 52. Re7+ Kd8 53. f7 Qf8 54. Ra7 Qxf7 55. Rxf7 Nxf7 56. Re6 1-0

[Event "Paulisto-ch"]
[Site "Sao Caetano do Sul"]
[Date "1999.??.??"]
[Round "1"]
[White "Disconzi da Silva, Rodrigo"]
[Black "Marcolino, Antonio Claudio H"]
[Result "1-0"]
[WhiteElo "2336"]
[BlackElo "2138"]
[PlyCount "43"]
[EventDate "1999.??.??"]
[EventType "swiss"]
[EventRounds "6"]
[EventCountry "BRA"]
[SourceTitle "EXT 2000"]
[Source "ChessBase"]
[SourceDate "1999.11.16"]
[SourceVersion "1"]
[SourceVersionDate "1999.11.16"]
[SourceQuality "1"]

1. d4 d5 2. c4 c6 3. Nc3 Nf6 4. e3 e6 5. Nf3 Nbd7 6. Qc2 Bd6 7. Bd2 0-0 8. Bd3 dxc4 9. Bxc4 b5 10. Bd3 a6 11. Ne4 Nxe4 12. Bxe4 Nf6 13. Bxc6 Ra7 14. Rc1 Qe7 15. Ne5 Rc7 16. Ba5 Bb4+ 17. Bxb4 Qxb4+ 18. Qd2 Qd6 19. 0-0 Rd8 20. Qa5 Ne8 21. Bxe8 Rxc1 22. Bxf7+ 1-0

[Event "Rio de Janeiro op"]
[Site "Rio de Janeiro"]
[Date "1999.??.??"]
[Round "5"]
[White "Rosa, Carlos Roberto"]
[Black "Marcolino, Antonio Claudio H"]
[Result "1-0"]
[WhiteElo "2305"]
[BlackElo "2138"]
[PlyCount "125"]
[EventDate "1999.??.??"]
[EventType "swiss"]
[EventRounds "6"]
[EventCountry "BRA"]
[SourceTitle "EXT 2000"]
[Source "ChessBase"]
[SourceDate "1999.11.16"]
[SourceVersion "1"]
[SourceVersionDate "1999.11.16"]
[SourceQuality "1"]

1. e4 c5 2. Nf3 e6 3. d4 cxd4 4. Nxd4 a6 5. c4 Qc7 6. Nc3 Nf6 7. a3 b6 8. Be3 Bb7 9. Bd3 Nc6 10. Nxc6 Bxc6 11. f4 Qb7 12. Qc2 d5 13. exd5 exd5 14. 0-0 Be7 15. cxd5 Nxd5 16. Bd4 Nxc3 17. Bxc3 Bc5+ 18. Kh1 0-0-0 19. b4 Rxd3 20. bxc5 Bxg2+ 21. Qxg2 Qxg2+ 22. Kxg2 Rxc3 23. cxb6 Rd8 24. Rfc1 Rd2+ 25. Kg1 Rcc2 26. Rxc2+ Rxc2 27. Re1 Kd7 28. Rb1 Rc8 29. a4 a5 30. Kf2 Kc6 31. Rb5 Kb7 32. Kf3 Rc4 33. Rxa5 Kxb6 34. Rb5+ Ka6 35. Rg5 g6 36. Rd5 Rc7 37. h4 f5 38. Ke3 Re7+ 39. Re5 Rd7 40. h5 Rd6 41. h6 Rd7 42. Kf3 Kb6 43. Kg3 Kc6 44. a5 Kd6 45. Kh4 Rc7 46. Kg5 Rf7 47. Rb5 Kc6 48. Re5 Kd7 49. a6 Kd6 50. Ra5 Ra7 51. Kf6 Kc6 52. Ra3 Kd6 53. Rd3+ Kc5 54. Kg5 Kc6 55. Rd8 Rxa6 56. Rg8 Ra1 57. Rg7 Rg1+ 58. Kf6 Rg4 59. Ke5 Rh4 60. Rxh7 Kb6 61. Rh8 Kc7 62. h7 Kb7 63. Kf6 1-0